Кн. 3: Эволюция естественно-научного знания; Закономерности окружающего мира

Dades bibliogràfiques
Parent link:Закономерности окружающего мира: в 3 кн./ Л. В. Тарасов. Кн. 3: Эволюция естественно-научного знания.— , 2004-
Sumari:Данная книга завершает трехтомник автора с общим названием «Закономерности окружающего мира» (первая книга: «Случайность, необходимость, вероятность», вторая книга: «Вероятность в современном обществе», третья книга: «Эволюция естественно-научного знания»). Здесь в популярной и систематизированной форме анализируется эволюция естественнонаучных картин мира: от научных программ античности к механической картине, затем к электромагнитной картине и, наконец, к современной картине. Демонстрируется переход от динамических (жестко детерминированных) закономерностей к статистическим (вероятностным) закономерностям по мере постепенно углубляющегося научного постижения человеком окружающего мира. Достаточно подробно рассматривается эволюция представлений квантовой физики, физики элементарных частиц, космологии. В заключение обсуждаются идеи самоорганизации открытых неравновесных систем (возникновение диссипативных структур). Для широкого круга читателей и в первую очередь для школьников старших классов (начиная с 9-го класса), а также для студентов техникумов и высших учебных заведений.
Idioma:rus
Publicat: 2004
Matèries:
Format: MixedMaterials Llibre
KOHA link:https://koha.lib.tpu.ru/cgi-bin/koha/opac-detail.pl?biblionumber=79904

MARC

LEADER 00000nam2a2200000 4500
001 79904
005 20231031094418.0
010 |a 5922105299 
035 |a (RuTPU)RU\TPU\book\85898 
090 |a 79904 
100 |a 20050829d2004 m y0rusy50 ca 
101 0 |a rus 
102 |a RU 
105 |a a z 001zy 
200 0 |a Кн. 3: Эволюция естественно-научного знания 
210 |d 2004 
215 |a 439 с.  |c ил. 
320 |a Библиогр.: с. 438-439 
330 |a Данная книга завершает трехтомник автора с общим названием «Закономерности окружающего мира» (первая книга: «Случайность, необходимость, вероятность», вторая книга: «Вероятность в современном обществе», третья книга: «Эволюция естественно-научного знания»). Здесь в популярной и систематизированной форме анализируется эволюция естественнонаучных картин мира: от научных программ античности к механической картине, затем к электромагнитной картине и, наконец, к современной картине. Демонстрируется переход от динамических (жестко детерминированных) закономерностей к статистическим (вероятностным) закономерностям по мере постепенно углубляющегося научного постижения человеком окружающего мира. Достаточно подробно рассматривается эволюция представлений квантовой физики, физики элементарных частиц, космологии. В заключение обсуждаются идеи самоорганизации открытых неравновесных систем (возникновение диссипативных структур). Для широкого круга читателей и в первую очередь для школьников старших классов (начиная с 9-го класса), а также для студентов техникумов и высших учебных заведений. 
461 1 |0 (RuTPU)RU\TPU\book\86868  |t Закономерности окружающего мира  |o в 3 кн.  |f Л. В. Тарасов  |v Кн. 3: Эволюция естественно-научного знания  |d 2004- 
610 1 |a естествознание 
610 1 |a окружающий мир 
610 1 |a закономерности 
610 1 |a физика 
610 1 |a история 
610 1 |a античность 
610 1 |a космологические представления 
610 1 |a механические картины мира 
610 1 |a электромагнитная картина мира 
610 1 |a атомистика 
610 1 |a теория относительности 
610 1 |a биология 
610 1 |a генетика 
610 1 |a квантовая физика 
610 1 |a транзисторы 
610 1 |a лазеры 
610 1 |a атомные реакторы 
610 1 |a материя 
610 1 |a докварковый период 
610 1 |a адроны 
610 1 |a кварковые модели 
610 1 |a естественнонаучная картина мира 
610 1 |a Вселенная 
610 1 |a космология 
610 1 |a самоорганизация 
675 |a 50  |v 3 
675 |a 50(09)  |v 3 
801 1 |a RU  |b 63413507  |c 20050829  |g PSBO 
801 2 |a RU  |b 63413507  |c 20120118  |g PSBO 
942 |c BK